Origins of form /

Bibliographic Details
Main Author: Williams, Christopher G.
Format: Book
Language:English
Published: New York : Architectural Book Pub. Co., [1981]
Subjects:

MARC

Tag First Indicator Second Indicator Subfields
LEADER 00000cam a22000008a 4500
001 in00000087061
005 20151008064718.0
008 801120s1981 nyua b 00110 engm
010 |a  80039594  
020 |a 0803853947 :  |c $12.95 (pbk.) 
035 |a (OCoLC)07179455 
035 |9 AAK4666AM 
040 |a DLC  |c DLC  |d m.c.  |d TXA  |d UtOrBLW 
049 |a TXAM  |c [1672427] 
050 0 0 |a N7430  |b .W55 
082 0 |a 701/.8  |2 19 
100 1 |a Williams, Christopher G. 
245 1 0 |a Origins of form /  |c Christopher Williams. 
263 |a 8105 
264 1 |a New York :  |b Architectural Book Pub. Co.,  |c [1981] 
264 4 |c ©1981 
300 |a 143 pages :  |b illustrations ;  |c 28 cm. 
336 |a text  |b txt  |2 rdacontent 
337 |a unmediated  |b n  |2 rdamedia 
338 |a volume  |b nc  |2 rdacarrier 
500 |a Includes index. 
504 |a Bibliography: pages 140-141. 
650 0 |a Composition (Art) 
650 0 |a Form (Aesthetics) 
650 0 |a Visual perception. 
999 |a MARS 
999 f f |s 39289009-a14f-3d22-a899-5b3f0f6da5b8  |i 38cda713-5d30-3d26-be77-089858b31c2e  |t 0 
952 f f |p normal  |a Texas A&M University  |b College Station  |c Sterling C. Evans Library  |d Evans: Library Stacks  |t 0  |e N7430 .W55  |h Library of Congress classification  |i unmediated -- volume  |m A14806166877 
998 f f |a N7430 .W55  |t 0  |l Evans: Library Stacks